Documentos económicos de la administración pública : texto íntegro del discurso pronunciado por el señor secretario de Hacienda y Crédito Público, Lic. Hugo B. Margáin, en la XIII Asamblea de Gobernadores del Banco Interamericano de Desarrollo, el día 11 de mayo de 1972, en la ciudad de Quito, República de Ecuador /

Guardat en:
Dades bibliogràfiques
Autor corporatiu: México. Secretario de Hacienda y Crédito Público. 1970-1973 (Margáin)
Altres autors: Margáin, Hugo B. (autor) (autor)
Format: Llibre
Idioma:espanyol
Publicat: México : Secretaría de Hacienda y Crédito Público, Dirección General de Prensa, Memoria, Bibliotecas y Publicaciones, 1972
Etiquetes: Afegir etiqueta
Sense etiquetes, Sigues el primer a etiquetar aquest registre!

MARC

LEADER 00000nam^a2200000^a^4500
001 000457396
005 20250526000000.0
009 20260310124042.601
037 |a Acervo ITESO - Biblioteca 
041 |a ESP 
091 |a FHM. 11555 
110 |a México.  |b Secretario de Hacienda y Crédito Público. 1970-1973 (Margáin) 
245 1 0 |a Documentos económicos de la administración pública :  |b texto íntegro del discurso pronunciado por el señor secretario de Hacienda y Crédito Público, Lic. Hugo B. Margáin, en la XIII Asamblea de Gobernadores del Banco Interamericano de Desarrollo, el día 11 de mayo de 1972, en la ciudad de Quito, República de Ecuador / 
264 1 |a México :  |b Secretaría de Hacienda y Crédito Público, Dirección General de Prensa, Memoria, Bibliotecas y Publicaciones,  |c 1972 
300 |a 9 p. ;  |c 23.0 cm. 
336 |a texto  |b txt  |2 rdacontenido 
337 |a sin mediación  |b n  |2 rdamedio 
338 |a volumen  |b nc  |2 rdasoporte 
649 |a XX 
700 |a Margáin, Hugo B.  |e (autor) 
910 |a Fondo Hugo B. Margáin 
920 |a Impresos - Libros 
930 |a Libros Antiguos y Raros 
905 |a 126 
901 |a 0500395580  |b IT2  |c LRA  |i D  |u 20250526 
902 |a https://opac.biblio.iteso.mx/vufind/Record/000457396